Hướng dẫn học môn Luật hôn nhân và gia đình : Đề cương, câu hỏi tình huống, bài tập, văn bản quy phạm pháp luật áp dụng

Giới thiệu đề cương, câu hỏi tình huống, bài tập, văn bản quy phạm pháp luật áp dụng tại Việt Nam

Gespeichert in:
Bibliographische Detailangaben
1. Verfasser: Lê, Thị Mận
Format: Buch
Sprache:Undetermined
Veröffentlicht: Thành phố Hồ Chí Minh Hồng Đức 2016
Schlagworte:
Tags: Tag hinzufügen
Keine Tags, Fügen Sie den ersten Tag hinzu!
Thư viện lưu trữ: Trung tâm Học liệu Trường Đại học Cần Thơ
LEADER 00931nam a2200217Ia 4500
001 CTU_218036
008 210402s9999 xx 000 0 und d
082 |a 346.597016 
082 |b M121 
100 |a Lê, Thị Mận 
245 0 |a Hướng dẫn học môn Luật hôn nhân và gia đình : 
245 0 |b Đề cương, câu hỏi tình huống, bài tập, văn bản quy phạm pháp luật áp dụng 
245 0 |c Lê Thị Mận, Lê Vĩnh Châu 
260 |a Thành phố Hồ Chí Minh 
260 |b Hồng Đức 
260 |c 2016 
520 |a Giới thiệu đề cương, câu hỏi tình huống, bài tập, văn bản quy phạm pháp luật áp dụng tại Việt Nam 
650 |a Marriage law,Luật hôn nhân 
650 |z Vietnam,Việt Nam 
904 |i Nguyên 
980 |a Trung tâm Học liệu Trường Đại học Cần Thơ